00824nam a22002297a 450000500170000001000150001702000260003203500130005803700130007108200100008424501050009426000440019927000680024330000240031150000400033570000230037570000170039870000150041594200240043099900170045495201230047120151207101022.0 aENG-114261 a9789381615621c900.00 aEN-97793 bDBAD/PUB a332.1 aMicro finance and public sector banks /cedited by Vindeshwari Prasad, Sanjay Kumar [and] Ajay Kumar aNew DelhibPragatisheel Prakashanc2015 aN-3/25, 1st Floor, Mohan Garden, Uttam NagarbNew Delhie110059 axii,380p.c22cm(Hb) aIncludes bibliographical references aVindeshwari Prasad aSanjay Kumar aAjay Kumar 2ddccENmMICh332.1 c97729d97729 001040718NFICaDBADbDBADd2015-10-12eDBAD/PUBg900.00l0o332.1 MICpEN-97793r2015-10-12 00:00:00t1v900.00yEN